00860nam a2200217 a 4500008004100000050001400041100003500055245007900090250001200169260003400181300002400215350000900239490003700248500004900285650001700334650001500351700003500366995009400401999001700495952013000512120416s1985 ||||||||||||||||| || u aHD 31 Kas aKast, Fremont Ellsworth, 1926-10aOrganization and management: a systems and contingency approach. (4th ed.) a4th ed. aNew York :bMcGraw-Hillc1985 axiii, 720 p. : ill. a0.00 aMcGraw-Hill series in management aIncludes indexes. -Bibliography: p. 691-699. aORGANIZATION 0aMANAGEMENT aRosenzweig, James Erwin, 1929- D0.00FCBU-MAIN LIBRARY (Kitwe)H1I34.00M1UDAMAGEDZMain Library Open Access Collection c52825d52825 00102lcc4070a001b001cMain Library Open Access Collectiond2022-11-30l0oHD 31 Kasp021613r2022-11-30w2022-11-30y002